Диалектика. Познание. Наука.

Бібліографічні деталі
Співавтор: Академия наук СССР (АН СССР) Институт философии (ИФ)
Інші автори: Лекторский В. А. (редактор), Тюхтин В. С.
Мова:Російська
Опубліковано: Москва, Наука, 1988
Предмети:
Формат: Книга
KOHA link:https://koha.lib.tpu.ru/cgi-bin/koha/opac-detail.pl?biblionumber=139853

MARC

LEADER 00000nam0a2200000 4500
001 139853
005 20231031141858.0
010 |a 5020080209 
035 |a (RuTPU)RU\TPU\book\151515 
090 |a 139853 
100 |a 20080613d1988 k y0rusy50 ca 
101 0 |a rus 
102 |a RU 
105 |a a z 001zy 
200 1 |a Диалектика. Познание. Наука.  |f Академия наук СССР (АН СССР), Институт философии (ИФ) ; отв. ред. В. А. Лекторский ; В. С. Тюхтин 
210 |a Москва  |c Наука  |d 1988 
215 |a 286 с.  |c ил. 
320 |a Библиогр. в конце разд. 
610 1 |a диалектический материализм 
610 1 |a теория познания 
610 1 |a научное знание 
610 1 |a философия 
610 1 |a методология 
686 |a А513  |2 rubbk 
702 1 |a Лекторский  |b В. А.  |4 340 
702 1 |a Тюхтин  |b В. С.  |4 340 
712 0 2 |a Академия наук СССР (АН СССР)  |b Институт философии (ИФ)  |2 stltpush  |3 (RuTPU)RU\TPU\col\11338 
801 1 |a RU  |b 63413507  |c 20080613  |g PSBO 
801 2 |a RU  |b 63413507  |c 20201211  |g PSBO 
942 |c BK